| 000 | 00708nam a2200241 a 4500 | ||
|---|---|---|---|
| 001 | BRL_1749 | ||
| 005 | 20190320211343.0 | ||
| 008 | 270715s1986----mx-#######---#000-0#spa-# | ||
| 020 | _a9688220620 | ||
| 041 | _aspa | ||
| 044 | _amx | ||
| 050 | 4 |
_aPM4461 _b.P56 1986 |
|
| 100 | 1 |
_aPineda, Vicente _927781 |
|
| 245 | 1 | 0 |
_aSublevaciones indígenas en Chiapas _bGramática y diccionario tzel-tal _cVicente Pineda. |
| 260 |
_aMéxico _bInstituto Nacional Indigenista _c1986 |
||
| 300 |
_a492 p. _c21 cm. |
||
| 500 | _aAu1997 | ||
| 650 | 1 | 4 |
_aTzltales _xGramática _927782 |
| 650 | 1 | 4 |
_aIndígenas de México _xGuerras _927783 |
| 651 | 4 |
_aMéxico _xHistoria _zChiapas _927784 |
|
| 902 | _aGRL | ||
| 942 |
_2lcc _cB |
||
| 999 |
_c10557 _d10557 |
||